| 000 | 00766nam a22002292 4500 | ||
|---|---|---|---|
| 001 | 0000025501 | ||
| 005 | 20151217155247.0 | ||
| 008 | 151006s xx 000 0 eng d | ||
| 020 | _a0273634348 : | ||
| 040 |
_aKABU _cKABU |
||
| 100 | 1 |
_aMajor, WT. _@0000186177 |
|
| 245 | 1 | 0 |
_aLaw of contract / _cWT Major, Christine Taylor. |
| 250 | _a9th ed. | ||
| 260 |
_aHarlow Essex, England : _bPearson Education Limited, _c1996. |
||
| 300 | _axx, 299 p. | ||
| 650 | 0 |
_aContracts _vOutlines, syllabi, etc. _zGreat Britain. _@0000186178 |
|
| 650 | 0 |
_aContracts _xProblems, exercises, etc _zGreat Britain. _@0000181279 |
|
| 700 | 1 |
_aTaylor, Christine. _@0000186179 |
|
| 852 | 1 | _9p11500 KES | |
| 908 | _a151006 | ||
| 950 | _@1 | ||
| 999 |
_c12285 _d12285 |
||